Datum a čas kvízu
29.5
Celkem bodů
Celkový počet nahraných bodů na tomto kvízu bez doplňovacích otázek.
7.
Pořadí na kvízu
Konečné umístění týmu na tomto kvízu.
Zaznamenané odpovědi
| # | Otázka | Odpověď | Body | Výsledky |
|---|---|---|---|---|
| 1. | Ředitel gymnázia Zdeněk Bergma... | 0 | ||
| 2. | Jedna evropská země vydala pop... | 0 | ||
| 3. | V Praze byla minulý týden po s... | 1 | ||
| 4. | Hospodářská komora volila v rá... | 1 | ||
| 5. | Pokud správně napíšete jméno v... | 0 | ||
| 6. | V různých seriálech se objevil... | 1 | ||
| 7. | Napište jména herců, kteří ztv... | 0.5 | ||
| 8. | Walter White a Jesse Pinkman.... | 1 | ||
| 9. | Excentrický sedmdesátiletý věd... | 0 | ||
| 10. | A nakonec dvojice z českých ve... | 0 |